Microeconomic theory:basic principles and extensions (Record no. 2475)
[ view plain ]
| 000 -LEADER | |
|---|---|
| fixed length control field | 00808nam a22001697a 4500 |
| 020 ## - INTERNATIONAL STANDARD BOOK NUMBER | |
| International Standard Book Number | 9788131521724 |
| 082 ## - DEWEY DECIMAL CLASSIFICATION NUMBER | |
| Classification number | 338.5 |
| 100 ## - MAIN ENTRY--PERSONAL NAME | |
| Personal name | Synder, Christopher |
| 245 ## - TITLE STATEMENT | |
| Title | Microeconomic theory:basic principles and extensions |
| 250 ## - EDITION STATEMENT | |
| Edition statement | 11th |
| 260 ## - PUBLICATION, DISTRIBUTION, ETC. | |
| Place of publication, distribution, etc. | Andover |
| Name of publisher, distributor, etc. | Cengage learning |
| Date of publication, distribution, etc. | 2012 |
| 300 ## - PHYSICAL DESCRIPTION | |
| Extent | 738 |
| 942 ## - ADDED ENTRY ELEMENTS (KOHA) | |
| Koha item type | Book |
| Withdrawn status | Lost status | Damaged status | Not for loan | Collection code | Permanent Location | Current Location | Shelving location | Date acquired | Total Checkouts | Total Renewals | Full call number | Barcode | Date last seen | Date last checked out | Price effective from | Koha item type | Source of classification or shelving scheme | Public note |
|---|---|---|---|---|---|---|---|---|---|---|---|---|---|---|---|---|---|---|
| Write Off | Central Library (CL) | Central Library (CL) | General Stacks | 02/16/2017 | 3 | 338.5 SYN | S3H-D-181 | 01/20/2020 | 02/16/2017 | Book | Write off vide e-minute no 31247 Dated NOV 23, 2021 | |||||||
| NUST Law School (NLS) | NUST Law School (NLS) | General Stacks | 01/20/2016 | 5 | 5 | 338.5 SNY | S3H-S-657 | 02/01/2023 | 10/10/2021 | 11/18/2016 | Book | |||||||
| NUST Law School (NLS) | NUST Law School (NLS) | General Stacks | 01/20/2016 | 1 | 2 | 338.5 SNY | S3H-S-658 | 11/12/2024 | 10/10/2017 | 11/18/2016 | Book |
